|
|
|
|
| LEADER |
00000nab a2200000uu 4500 |
| 001 |
vtls010895339 |
| 003 |
SK-MaSNL |
| 005 |
20260303141739.0 |
| 008 |
230222|1971 xo |||||||||||||||||cze| |
| 015 |
|
|
|a SNBRB
|
| 035 |
|
|
|a (urnnbn)urn:nbn:sk:snk:ar-006iaq
|
| 035 |
|
|
|a (uuid)efc3ef2f-01d1-415a-903b-f2a12db62e51
|
| 035 |
|
|
|a urn:nbn:sk:snk-ab8o9b
|
| 040 |
|
|
|a SNKBUCL
|b slo
|c SNKBUCL
|e AACR2
|
| 041 |
0 |
|
|a cze
|
| 044 |
|
|
|a xo
|c SK
|
| 100 |
1 |
|
|a Kovařík, Václav
|4 aut
|9 1161467
|
| 245 |
1 |
0 |
|a K STABILITĚ SANDWICHOVÝCH DESEK S TUHÝM JÁDREM
|c Václav Kovařík
|
| 773 |
0 |
|
|t Stavebnícky časopis : mesačník pre teoretické problémy stavebných látok a konštrukcií
|g Roč. 19, č. 3-4 (1971), s. 209-222
|
| 958 |
|
|
|a OND
|
| 958 |
|
|
|a EUIPO
|
| 958 |
|
|
|a article10
|
| 999 |
|
|
|c 1978430
|d 1980360
|